000 00296nam a22001337a 4500
008 170214b xxu||||| |||| 00| 0 eng d
020 _a0070708908
041 _aeng
080 _212ED
_a61
100 _a4
101 _aSHM
245 _aPRINCIPLES INTERNAL MEDICINE
_cBRAUNWALD
942 _2udc
_cBK
999 _c5483
_d5483